| 000 | 00982nam a2200241 u 4500 | ||
|---|---|---|---|
| 005 | 20231130063626.0 | ||
| 008 | 190912s1999 r 000 0 eng d | ||
| 020 | _a9701830539 | ||
| 035 | _aUPN01000232831 | ||
| 049 | _aLTG | ||
| 050 | 4 |
_aLB2002 A1 _bN4.2 1999 |
|
| 245 | 0 | 0 |
_aNecesidades educativas especiales : _bprograma y materiales de apoyo para el estudio : licenciatura en educación primaria : tercer semestre / _ccoord. Berenice Vadillo y Velasco. |
| 250 | _a2a ed. | ||
| 260 |
_aMéxico : _bSEP, _c1999. |
||
| 300 |
_a80 p. : _btablas |
||
| 440 | 0 | _aPrograma para la Transformación y el Fortalecimiento Académicos de las Escuelas Normales | |
| 650 | 4 |
_aEducación especial _zMéxico _vPlanes y programas _917818 |
|
| 650 | 4 |
_aEducación normal _zMéxico _vPlanes y programas _912330 |
|
| 700 | 1 |
_aVadillo y Velasco, Berenice, _ecoord. _936795 |
|
| 710 | 1 |
_aMéxico. _bSubsecretaría de Educación Básica y Normal _927954 |
|
| 905 | _aLibro | ||
| 999 |
_c204926 _d204926 |
||